All the President's men (Record no. 29978)
[ view plain ]
| 000 -LEADER | |
|---|---|
| fixed length control field | 00295nam a2200121Ia 4500 |
| 082 ## - DEWEY DECIMAL CLASSIFICATION NUMBER | |
| Classification number | 82-3 |
| Item number | BER |
| 100 ## - MAIN ENTRY--AUTHOR NAME | |
| Personal name | Bernstein, Carl |
| 245 #0 - TITLE STATEMENT | |
| Title | All the President's men |
| 260 ## - PUBLICATION, DISTRIBUTION, ETC. (IMPRINT) | |
| Place of publication | New York |
| Name of publisher | Warner |
| Year of publication | 1975 |
| 700 ## - ADDED ENTRY--PERSONAL NAME | |
| Personal name | Woodward, Bob |
| 942 ## - ADDED ENTRY ELEMENTS (KOHA) | |
| Koha item type | Books |
| Withdrawn status | Lost status | Damaged status | Not for loan | Home library | Current library | Date acquired | Full call number | Accession Number | Koha item type |
|---|---|---|---|---|---|---|---|---|---|
| RRII Library | RRII Library | 16/12/2021 | 82-3 BER | 10558 | Books |